| 000 | 00740cam a22002651 4500 | ||
|---|---|---|---|
| 001 | sa 66007037 | ||
| 003 | DLC | ||
| 005 | 20260227112301.0 | ||
| 008 | 781207s1965 ii 000 0 eng | ||
| 010 | _asa 66007037 | ||
| 025 | _aPL480:I-E-5964 | ||
| 035 | _a(OCoLC)4428055 | ||
| 040 |
_aDLC _cOAkU _dOCoLC _dTxU _dDLC |
||
| 042 | _apremarc | ||
| 050 | 0 | 0 |
_aBL1225.R3 _bS48 |
| 082 | _a294.5922 | ||
| 100 | 1 | _aSimha, S. L. N. | |
| 245 | 1 | 0 |
_aRamayana for the modern world, _cby S. L. N. Simha. |
| 250 | _a[1st ed.] | ||
| 260 |
_aBombay, _bBharatiya Vidya Bhavan, _c1965. |
||
| 300 |
_avii, 117 p. _c19 cm. |
||
| 440 | 0 |
_aBhavan's book university, _v135 |
|
| 600 | 0 | 0 |
_aVālmīki. _tRāmāyaṇa. |
| 700 | 0 |
_aVālmīki. _tRāmāyaṇa. |
|
| 999 |
_c70884 _d70884 |
||